U.S. National Parks - Sudden Death - Statistics

General Stats
  • This quiz has been taken 117 times
  • The average score is 14 of 30
Answers on the Grid
Answers color-coded by a green-red scale on the quiz's grid according to % correct below.
Alabama
Alaska
Arizona
Arkansas
California
Colorado
Connecticut
Delaware
Florida
Georgia
Hawaii
Idaho
Illinois
Indiana
Iowa
Kansas
Kentucky
Louisiana
Maine
Maryland
Massachusetts
Michigan
Minnesota
Mississippi
Missouri
Montana
Nebraska
Nevada
New Hampshire
New Jersey
New Mexico
New York
North Carolina
North Dakota
Ohio
Oklahoma
Oregon
Pennsylvania
Rhode Island
South Carolina
South Dakota
Tennessee
Texas
Utah
Vermont
Virginia
Washington
West Virginia
Wisconsin
Wyoming
 
Answer Stats
Answer % Correct
Channel Islands, Death Valley, Joshua Tree, Kings Canyon, Lassen Volcanic, Pinnacles, Redwood, Sequoia, Yosemite California
82%
Denali, Gates of the Arctic, Glacier Bay, Katmai, Kenai Fjords, Kobuk Valley, Lake Clark, Wrangell-St. Elias Alaska
78%
Grand Canyon, Petrified Forest, Saguaro Arizona
71%
Black Canyon of the Gunnison, Great Sand Dunes, Mesa Verde, Rocky Mountain Colorado
65%
Biscayne, Dry Tortugas, Everglades Florida
65%
Haleakalā, Hawai'i Volcanoes Hawaii
62%
Glacier, Yellowstone Montana
56%
Grand Teton, Yellowstone Wyoming
56%
Mount Rainier, North Cascades, Olympic Washington
51%
Acadia Maine
49%
Big Bend, Guadalupe Mountains Texas
48%
Arches, Bryce Canyon, Canyonlands, Capitol Reef, Zion Utah
46%
Hot Springs Arkansas
43%
Death Valley, Great Basin Nevada
43%
Carlsbad Caverns, White Sands New Mexico
43%
Crater Lake Oregon
42%
Badlands, Wind Cave South Dakota
42%
Theodore Roosevelt North Dakota
39%
Great Smoky Mountains Tennessee
39%
Yellowstone Idaho
37%
Isle Royale Michigan
35%
Gateway Arch Missouri
35%
Mammoth Cave Kentucky
34%
Voyageurs Minnesota
34%
New River Gorge West Virginia
33%
Great Smoky Mountains North Carolina
32%
Indiana Dunes Indiana
30%
Shenandoah Virginia
30%
Congaree South Carolina
29%
Cuyahoga Valley Ohio
28%
No matching quizzes found
Score Distribution
Percent of People with Each Score
Percentile by Number Answered
Your Score History
You have not taken this quiz